000 00592nam a2200181Ia 4500
005 20250508161906.0
008 008 250505s9999 xx 000 0 eng d
037 _aDissertations
040 _aFEDL
_beng
_cFEDL
041 _aeng
_2eng
084 _a301.54502, GUP/DI
_qFEDL
245 0 _aStudy of the life style of Delhi University students in relation to their birth order family size family income and sex
260 _c1977
300 _a90p.
546 _aM. Ed. Dissertation (Delhi University)
942 _cDIS
_h301.54502, GUP/DI
999 _c1373008
_d1373008